|
|
|
|
| LEADER |
01227nam a22002537a 4500 |
| 001 |
5897 |
| 003 |
BD-DhAAL |
| 008 |
231224t1996 bg a s o000 0 eng d |
| 020 |
|
|
|a 9845082742
|
| 040 |
|
|
|a BD-DhAAL
|c BD-DhAAL
|
| 082 |
0 |
0 |
|a 315.492
|2 23
|
| 245 |
0 |
0 |
|a Statistical yearbook of Bangladesh 1995 :
|b বাংলাদেশ পরিসংখ্যান বর্ষগ্রন্থ-১৯৯৫.
|
| 246 |
3 |
1 |
|a বাংলাদেশ পরিসংখ্যান বর্ষগ্রন্থ -১৯৯৫
|
| 250 |
|
|
|a Sixteenth edition.
|
| 260 |
|
|
|a Dhaka :
|b Bangladesh Bureau of Statistics, Statistics Division, Ministry of Planning, Govt. of the People's Republic of Bangladesh,
|c 1996.
|
| 300 |
|
|
|a xxiv, 646 pages :
|b charts, tables ;
|c 29 cm.
|
| 541 |
|
|
|e 5897
|
| 651 |
|
0 |
|a Bangladesh
|v Statistics
|v Periodicals.
|9 3497
|
| 651 |
|
0 |
|a Bangladesh
|x Economic conditions
|v Statistics
|v Periodicals.
|9 3498
|
| 710 |
2 |
|
|a Bangladesh
|b Parisaṃkhyāna Byuro.
|9 3499
|
| 852 |
1 |
|
|a Ayesha Abed Library
|c Reference Section
|
| 942 |
|
|
|2 ddc
|c BK
|
| 999 |
|
|
|c 46262
|d 46262
|
| 952 |
|
|
|0 0
|1 0
|2 ddc
|4 0
|6 315_492000000000000_STA
|7 0
|9 74884
|a BRACUL
|b BRACUL
|c REF
|d 2023-12-24
|g 350.00
|l 0
|o 315.492 STA
|p 3010005897
|r 2023-12-24
|t 1
|w 2023-12-24
|y BK
|